|
|
|
|
| LEADER |
00000nab a2200000 a 4500 |
| 001 |
vtls000638576 |
| 003 |
SK-MaSNL |
| 005 |
20260304160403.0 |
| 008 |
250507c1997 xo 0 slo |
| 015 |
|
|
|a SNBRB19rr/mm-uuuuu
|
| 035 |
|
|
|a CL0638715
|
| 035 |
|
|
|a urn:nbn:sk:snk-ab34lg
|
| 035 |
|
|
|a (urnnbn)urn:nbn:sk:snk:ar-a05v9n
|
| 035 |
|
|
|a (uuid)18b08b85-cff7-4855-ba3b-3a1251471047
|
| 040 |
|
|
|a SNKBUCL
|b slo
|c SNKBUCL
|e AACR2
|
| 041 |
0 |
|
|a slo
|
| 044 |
|
|
|a xo
|c SK
|
| 080 |
|
|
|a 61-051
|2 1981
|
| 080 |
|
|
|a 929 Sečanský, Imrich
|2 1981
|
| 100 |
1 |
|
|a Kolesár, Pavol,
|d 1929-2013
|4 aut
|9 151119
|
| 245 |
1 |
0 |
|a Imrich Sečanský: Spomienky a vyznania lekára
|c Pavol Kolesár
|
| 300 |
|
|
|b Fotogr. 2
|
| 600 |
1 |
7 |
|a Sečanský, Imrich,
|d 1914-2013
|2 snkbucl
|9 164330
|
| 655 |
|
7 |
|a memoáre
|2 snkbucl
|9 276745
|
| 655 |
|
7 |
|a recenzie
|2 snkbucl
|9 21907
|
| 655 |
|
7 |
|a články z novín a časopisov
|2 snkbucl
|9 267496
|
| 700 |
1 |
|
|a Sečanský, Imrich,
|d 1914-2013
|4 aut
|9 164330
|
| 773 |
0 |
|
|t Praktická gynekológia
|g Roč. 4, č. 3 (1997), s. 148
|
| 787 |
0 |
8 |
|i Rec.:
|a Sečanský, Imrich
|t Spomienky a vyznania lekára
|d Bratislava : Slovak Academic Press, 1997
|
| 850 |
|
|
|a Slovenská národná knižnica
|
| 852 |
|
|
|a Slovenská národná knižnica
|
| 954 |
|
|
|a odborná, vedecká literatúra pôvodná (slovenská)
|2 lita
|
| 958 |
|
|
|a article27
|
| 958 |
|
|
|a SK
|
| 958 |
|
|
|a BX
|
| 958 |
|
|
|a MI
|
| 958 |
|
|
|a RK
|
| 958 |
|
|
|a OND
|
| 958 |
|
|
|a EUIPO
|
| 999 |
|
|
|c 2966921
|d 2968851
|